[Event "8. Copenhagen Open Politiken Cup"]
[Site "Copenhagen"]
[Date "1986.??.??"]
[Round "8"]
[White "Poulsen, Allan"]
[Black "Stein, Bernd"]
[Result "1-0"]
[WhiteElo "2315"]
[BlackElo "2405"]
[PlyCount "75"]
[EventDate "1986.??.??"]
[EventType "swiss"]
[EventRounds "10"]
[EventCountry "DEN"]
[SourceDate "2004.01.01"]

1. e4 c5 2. Nf3 e6 3. d4 cxd4 4. Nxd4 Nf6 5. Nc3 Nc6 6. Nxc6 bxc6 7. e5 Nd5 8.
Ne4 f5 9. exf6 Nxf6 10. Nd6+ Bxd6 11. Qxd6 Ba6 12. Bxa6 Qa5+ 13. Bd2 Qxa6 14.
Bb4 O-O-O 15. Rd1 Rhf8 16. f3 Nd5 17. Rd4 Rf5 18. Bd2 Nb6 19. b3 Re8 20. Rd3
Rd5 21. Rxd5 exd5+ 22. Kd1 Qxa2 23. Qb4 Qb1+ 24. Bc1 Nc4 25. Qc5 Re2 26. Qf8+
Kb7 27. Qb4+ Kc7 28. Kxe2 Qxc2+ 29. Bd2 Nxd2 30. Qxd2 Qxb3 31. Ra1 Qb5+ 32. Ke1
Kb6 33. Qa2 Qb4+ 34. Kf1 Qc4+ 35. Kf2 Qc5+ 36. Kg3 Qd6+ 37. f4 Qg6+ 38. Kf2 1-0

[Event "8. Copenhagen Open Politiken Cup"]
[Site "Copenhagen"]
[Date "1986.??.??"]
[Round "8"]
[White "Sehner, Norbert"]
[Black "Varasdy, Imre"]
[Result "1-0"]
[WhiteElo "2375"]
[BlackElo "2350"]
[PlyCount "63"]
[EventDate "1986.??.??"]
[EventType "swiss"]
[EventRounds "10"]
[EventCountry "DEN"]
[SourceDate "2004.01.01"]

1. c4 e6 2. g3 d5 3. Nf3 Nf6 4. Bg2 Be7 5. O-O O-O 6. d4 c6 7. Qc2 Nbd7 8. b3
b6 9. Nc3 Ba6 10. Nd2 b5 11. Rd1 Qa5 12. e4 dxc4 13. bxc4 bxc4 14. Nf1 e5 15.
d5 cxd5 16. Nxd5 Nxd5 17. Rxd5 Qc7 18. Bd2 Bb7 19. Ba5 Nb6 20. Rdd1 Qc5 21. Bc3
Rfd8 22. Rdb1 Qc7 23. a4 Rab8 24. a5 Nd7 25. Ne3 Nf6 26. a6 Ba8 27. Ba5 Rxb1+
28. Qxb1 Qc8 29. Bxd8 Bxd8 30. Qb5 Bb6 31. Qxc4 Qb8 32. Rc1 1-0

[Event "8. Copenhagen Open Politiken Cup"]
[Site "Copenhagen"]
[Date "1986.??.??"]
[Round "8"]
[White "Stigar, Petter"]
[Black "Horvath, Sandor"]
[Result "1-0"]
[WhiteElo "2300"]
[BlackElo "2305"]
[PlyCount "91"]
[EventDate "1986.??.??"]
[EventType "swiss"]
[EventRounds "10"]
[EventCountry "DEN"]
[SourceDate "2004.01.01"]

1. d4 Nf6 2. c4 e6 3. Nc3 Bb4 4. e3 b6 5. Bd3 Bb7 6. Nf3 Ne4 7. Qc2 f5 8. O-O
Bxc3 9. bxc3 O-O 10. Nd2 Nxd2 11. Bxd2 Qf6 12. f3 Nc6 13. e4 Na5 14. exf5 exf5
15. c5 Bd5 16. Qa4 Qf7 17. Bf4 Bc4 18. Bxc4 Nxc4 19. Bxc7 Rfc8 20. Bd6 Nxd6 21.
cxd6 Rxc3 22. Rae1 Re8 23. Re5 Rxe5 24. dxe5 a5 25. Rb1 Rc4 26. Qb3 Rc6 27. Qa4
Qd5 28. Rd1 Qc5+ 29. Kh1 Kf7 30. Qf4 Qc2 31. Re1 Rc4 32. Qg5 Qf2 33. Qxf5+ Kg8
34. Qb1 Rc2 35. Rg1 Re2 36. Qb3+ Kf8 37. Qc3 Kf7 38. Qc4+ Kg6 39. Qg4+ Kh6 40.
Qh3+ Kg6 41. Qg4+ Kh6 42. f4 g6 43. Qh3+ Kg7 44. Qxd7+ Kh6 45. Qf7 Rxe5 46. d7
1-0

[Event "8. Copenhagen Open Politiken Cup"]
[Site "Copenhagen"]
[Date "1986.??.??"]
[Round "8"]
[White "Sorensen, Henrik"]
[Black "Vadasz, Laszlo"]
[Result "0-1"]
[WhiteElo "2250"]
[BlackElo "2370"]
[PlyCount "54"]
[EventDate "1986.??.??"]
[EventType "swiss"]
[EventRounds "10"]
[EventCountry "DEN"]
[SourceDate "2004.01.01"]

1. d4 Nf6 2. Nf3 g6 3. Bg5 Bg7 4. Nbd2 d5 5. e3 c5 6. c3 Nbd7 7. h3 O-O 8. Be2
b6 9. Bf4 Bb7 10. O-O Ne4 11. Nxe4 dxe4 12. Nd2 cxd4 13. cxd4 e5 14. dxe5 Nxe5
15. Rb1 Nd3 16. b3 Nxf4 17. exf4 Qh4 18. g3 Qxh3 19. Bg4 Qh6 20. Nc4 Rfd8 21.
Qc2 f5 22. Bd1 Rac8 23. Qe2 Ba6 24. Kg2 Bf6 25. Rh1 Qg7 26. Qe1 Bc3 27. Qf1 Rd2
0-1

[Event "8. Copenhagen Open Politiken Cup"]
[Site "Copenhagen"]
[Date "1986.??.??"]
[Round "9"]
[White "Berg, Klaus"]
[Black "Mathe, Gaspar"]
[Result "1/2-1/2"]
[WhiteElo "2375"]
[BlackElo "2310"]
[PlyCount "30"]
[EventDate "1986.??.??"]
[EventType "swiss"]
[EventRounds "10"]
[EventCountry "DEN"]
[SourceDate "2004.01.01"]

1. Nf3 g6 2. c4 Bg7 3. d4 Nf6 4. Nc3 d5 5. e3 O-O 6. Be2 a6 7. O-O dxc4 8. a4
c5 9. Bxc4 cxd4 10. exd4 Bg4 11. Re1 e6 12. h3 Bxf3 13. Qxf3 Qc7 14. Ba2 Nc6
15. Be3 Nb4 1/2-1/2

[Event "8. Copenhagen Open Politiken Cup"]
[Site "Copenhagen"]
[Date "1986.??.??"]
[Round "9"]
[White "Bjerring, Kai"]
[Black "Horvath, Sandor"]
[Result "1/2-1/2"]
[WhiteElo "2315"]
[BlackElo "2305"]
[PlyCount "35"]
[EventDate "1986.??.??"]
[EventType "swiss"]
[EventRounds "10"]
[EventCountry "DEN"]
[SourceDate "2004.01.01"]

1. e4 c5 2. Nf3 Nc6 3. d4 cxd4 4. Nxd4 Nf6 5. Nc3 e5 6. Nf5 d5 7. exd5 Bxf5 8.
dxc6 Qxd1+ 9. Nxd1 bxc6 10. Ne3 Bg6 11. g3 Nd5 12. Bg2 Rd8 13. O-O Bc5 14. Re1
f6 15. c3 O-O 16. a3 Bf7 17. b4 Bb6 18. Nxd5 1/2-1/2

[Event "8. Copenhagen Open Politiken Cup"]
[Site "Copenhagen"]
[Date "1986.??.??"]
[Round "9"]
[White "De Boer, Gert Jan"]
[Black "Jakobsen, Ole"]
[Result "1/2-1/2"]
[WhiteElo "2430"]
[BlackElo "2385"]
[PlyCount "89"]
[EventDate "1986.??.??"]
[EventType "swiss"]
[EventRounds "10"]
[EventCountry "DEN"]
[SourceDate "2004.01.01"]

1. d4 Nf6 2. Nf3 c5 3. d5 g6 4. Nc3 d6 5. e4 Bg7 6. Bb5+ Bd7 7. a4 O-O 8. O-O
Bg4 9. Re1 Na6 10. h3 Bxf3 11. Qxf3 Nc7 12. Bf1 Nd7 13. Bf4 a6 14. Qe3 Re8 15.
Bh6 Bd4 16. Qd2 b6 17. Rab1 Rb8 18. b4 Bh8 19. f4 Qc8 20. b5 axb5 21. Nxb5 Ra8
22. Nxc7 Qxc7 23. Bb5 Red8 24. c4 Bd4+ 25. Kh1 Kh8 26. Rb3 Nf6 27. Rd3 Ng8 28.
Bg5 Rf8 29. Bh4 e5 30. f5 gxf5 31. exf5 f6 32. Rb3 Qc8 33. Qd3 Ne7 34. Rf1 Rf7
35. Qe4 Qc7 36. Rg3 Rg8 37. Rxg8+ Nxg8 38. g4 Qd8 39. Be1 Rg7 40. Bd2 Qe7 41.
Rf3 h5 42. Rg3 hxg4 43. hxg4 Rh7+ 44. Kg2 Rh4 45. Rh3 1/2-1/2

[Event "8. Copenhagen Open Politiken Cup"]
[Site "Copenhagen"]
[Date "1986.??.??"]
[Round "9"]
[White "Hoi, Carsten"]
[Black "Knudsen, Per"]
[Result "1-0"]
[WhiteElo "2405"]
[BlackElo "2325"]
[PlyCount "95"]
[EventDate "1986.??.??"]
[EventType "swiss"]
[EventRounds "10"]
[EventCountry "DEN"]
[SourceDate "2004.01.01"]

1. d4 Nf6 2. c4 c6 3. Nf3 d5 4. e3 Bf5 5. Bd3 dxc4 6. Bxc4 e6 7. O-O Nbd7 8.
Nc3 Be7 9. Qe2 Nb6 10. Bb3 O-O 11. e4 Bg4 12. Be3 Rc8 13. Rfd1 Re8 14. h3 Bh5
15. Rac1 Bb4 16. Bc2 Qe7 17. Bg5 h6 18. Bh4 g5 19. Bg3 Nfd7 20. a3 Bxc3 21.
bxc3 c5 22. a4 cxd4 23. cxd4 Nc4 24. Bd3 Na5 25. Qb2 Nb6 26. Bb5 Red8 27. Rxc8
Rxc8 28. d5 Bxf3 29. d6 Qd8 30. gxf3 Nbc4 31. Qb4 e5 32. d7 Rc7 33. Rc1 f6 34.
Bxc4+ Nxc4 35. Rxc4 Rxd7 36. Qc3 Kg7 37. Kg2 Kg6 38. Rc8 Qe7 39. h4 Kh5 40.
hxg5 hxg5 41. Qc1 Qh7 42. Qc4 Re7 43. Qc5 Kg6 44. Qxa7 b5 45. Qa8 bxa4 46. Rg8+
Kf7 47. Qd5+ Re6 48. Ra8 1-0

[Event "8. Copenhagen Open Politiken Cup"]
[Site "Copenhagen"]
[Date "1986.??.??"]
[Round "9"]
[White "Knudsen, Jes West"]
[Black "Clausen, Steen"]
[Result "0-1"]
[WhiteElo "2240"]
[BlackElo "2295"]
[PlyCount "62"]
[EventDate "1986.??.??"]
[EventType "swiss"]
[EventRounds "10"]
[EventCountry "DEN"]
[SourceDate "2004.01.01"]

1. Nf3 g6 2. g3 Bg7 3. e4 c6 4. d3 d5 5. Nbd2 e5 6. Bg2 Qc7 7. O-O Ne7 8. c3
O-O 9. d4 f6 10. Qb3 Kh8 11. Re1 Na6 12. dxe5 fxe5 13. Nh4 Nc5 14. Qc2 Qb6 15.
Rf1 a5 16. a4 Bg4 17. b4 axb4 18. cxb4 Ne6 19. Nb3 g5 20. h3 gxh4 21. hxg4 hxg3
22. Nc5 Nd4 23. Qd2 gxf2+ 24. Rxf2 Rxf2 25. Kxf2 Nb3 26. Qg5 Ng6 27. a5 Qxb4
28. Ba3 Qd4+ 29. Kg3 Qxa1 30. Bb4 Nxc5 31. Bxc5 Qc3+ 0-1

[Event "8. Copenhagen Open Politiken Cup"]
[Site "Copenhagen"]
[Date "1986.??.??"]
[Round "9"]
[White "Kruszynski, Wlodzimierz"]
[Black "Fette, Martin"]
[Result "1/2-1/2"]
[WhiteElo "2360"]
[BlackElo "2320"]
[PlyCount "120"]
[EventDate "1986.??.??"]
[EventType "swiss"]
[EventRounds "10"]
[EventCountry "DEN"]
[SourceDate "2004.01.01"]

1. e4 c6 2. d3 d5 3. Nd2 Qc7 4. Ngf3 e5 5. g3 Nf6 6. Bg2 Bd6 7. O-O O-O 8. c3
Bg4 9. Qc2 Nbd7 10. Re1 Rfe8 11. Nf1 Bf8 12. Ne3 Bh5 13. Nh4 dxe4 14. dxe4 Rad8
15. b4 c5 16. b5 Qa5 17. a4 Nb6 18. Nef5 Rd7 19. h3 Red8 20. g4 Bg6 21. Bf1 Ne8
22. Nf3 f6 23. Nd2 Bf7 24. Nb3 Bxb3 25. Qxb3+ Kh8 26. Be3 Nd6 27. Ng3 Nf7 28.
Be2 g6 29. Qe6 Kg7 30. Qb3 Ng5 31. Kg2 Re8 32. Bf1 Ne6 33. Kh2 Nf4 34. Red1
Red8 35. Rxd7+ Rxd7 36. Qc2 Be7 37. Ra2 c4 38. Bxb6 Qxb6 39. Bxc4 Bc5 40. Bf1
Qd6 41. Qb3 Qd1 42. Qxd1 Rxd1 43. Bc4 Rc1 44. Ne2 Nxe2 45. Bxe2 Rxc3 46. Kg2
Kh6 47. h4 Kg7 48. a5 Kf8 49. a6 b6 50. Ra4 Rc2 51. Kf3 Rb2 52. Ra1 Ke7 53. Rf1
f5 54. gxf5 gxf5 55. Bd3 Rb3 56. Rd1 fxe4+ 57. Kxe4 Bxf2 58. Kxe5 Bxh4 59. Rh1
Bf6+ 60. Ke4 Rb4+ 1/2-1/2

[Event "8. Copenhagen Open Politiken Cup"]
[Site "Copenhagen"]
[Date "1986.??.??"]
[Round "9"]
[White "Lind, Jan Olov"]
[Black "Heyken, Enno"]
[Result "0-1"]
[WhiteElo "2260"]
[BlackElo "2350"]
[PlyCount "76"]
[EventDate "1986.??.??"]
[EventType "swiss"]
[EventRounds "10"]
[EventCountry "DEN"]
[SourceDate "2004.01.01"]

1. e4 e6 2. d3 d5 3. Nd2 Nf6 4. Ngf3 Nc6 5. g3 Bc5 6. Bg2 dxe4 7. dxe4 e5 8.
O-O O-O 9. Qe2 a5 10. Nc4 Qe7 11. c3 b6 12. Nh4 Ba6 13. Nf5 Qe6 14. b3 Kh8 15.
Re1 a4 16. Qf3 axb3 17. axb3 Bxc4 18. Rxa8 Rxa8 19. bxc4 Ra2 20. Be3 g6 21.
Bxc5 bxc5 22. Ne3 Kg7 23. Rb1 Na5 24. Bf1 c6 25. g4 h6 26. h4 Nh7 27. Qg3 Qf6
28. Ng2 Qd6 29. Ne3 Qf6 30. Nf5+ gxf5 31. gxf5+ Ng5 32. hxg5 Qxg5 33. Qxg5+
hxg5 34. Rb6 Rc2 35. Ra6 Nb3 36. Rxc6 Rxc3 37. Be2 Nd4 38. Bh5 Nxc6 0-1

[Event "8. Copenhagen Open Politiken Cup"]
[Site "Copenhagen"]
[Date "1986.??.??"]
[Round "9"]
[White "Murey, Jacob"]
[Black "Poulsen, Allan"]
[Result "1-0"]
[WhiteElo "2460"]
[BlackElo "2315"]
[PlyCount "103"]
[EventDate "1986.??.??"]
[EventType "swiss"]
[EventRounds "10"]
[EventCountry "DEN"]
[SourceDate "2004.01.01"]

1. d4 Nf6 2. c4 g6 3. Nc3 Bg7 4. e4 d6 5. f3 O-O 6. Be3 Nc6 7. Nge2 a6 8. Qd2
Rb8 9. h4 h5 10. Nd5 Re8 11. O-O-O b5 12. Nec3 e5 13. Nxf6+ Bxf6 14. dxe5 Nxe5
15. cxb5 axb5 16. Bg5 c6 17. f4 Bxg5 18. hxg5 b4 19. Na4 Ng4 20. Bd3 Qa5 21.
Bc2 Ba6 22. Bb3 Rbd8 23. f5 Kg7 24. Qd4+ Qe5 25. Qa7 Qf4+ 26. Rd2 d5 27. Qxa6
dxe4 28. Qe2 Qxf5 29. Rxd8 Rxd8 30. Rf1 Qxg5+ 31. Kb1 f5 32. Nc5 Qd2 33. Qc4
Kh6 34. Rc1 Rd5 35. Qa6 e3 36. Bxd5 e2 37. Nb3 Qxc1+ 38. Nxc1 e1=Q 39. Qxc6 Ne5
40. Qc2 h4 41. Qe2 Qg3 42. Qd2+ Qg5 43. Qxg5+ Kxg5 44. Kc2 f4 45. Kb3 f3 46.
gxf3 Kf4 47. Ne2+ Ke3 48. Ng1 Nd3 49. Nh3 Nf4 50. Nxf4 Kxf4 51. Be6 Kxf3 52.
Kxb4 1-0

[Event "8. Copenhagen Open Politiken Cup"]
[Site "Copenhagen"]
[Date "1986.??.??"]
[Round "9"]
[White "Ostenstad, Berge"]
[Black "Ernst, Thomas"]
[Result "0-1"]
[WhiteElo "2370"]
[BlackElo "2455"]
[PlyCount "56"]
[EventDate "1986.??.??"]
[EventType "swiss"]
[EventRounds "10"]
[EventCountry "DEN"]
[SourceDate "2004.01.01"]

1. d4 Nf6 2. c4 c5 3. d5 b5 4. Nf3 Bb7 5. a4 a6 6. axb5 axb5 7. Rxa8 Bxa8 8.
Nc3 Qa5 9. Nd2 b4 10. Nb3 Qd8 11. Nb5 Na6 12. e4 d6 13. Bd3 g6 14. Bg5 Bg7 15.
f4 O-O 16. O-O Nc7 17. Qe2 Nxb5 18. cxb5 Qd7 19. Bc4 e6 20. dxe6 fxe6 21. Bxf6
Bxf6 22. e5 dxe5 23. fxe5 Bg7 24. Rxf8+ Bxf8 25. Qg4 Bd5 26. Bxd5 Qxd5 27. b6
Qxb3 28. Qe4 c4 0-1

[Event "8. Copenhagen Open Politiken Cup"]
[Site "Copenhagen"]
[Date "1986.??.??"]
[Round "9"]
[White "Pigusov, Evgeny"]
[Black "Kojder, Konrad"]
[Result "1-0"]
[WhiteElo "2495"]
[BlackElo "2340"]
[PlyCount "79"]
[EventDate "1986.??.??"]
[EventType "swiss"]
[EventRounds "10"]
[EventCountry "DEN"]
[SourceDate "2004.01.01"]

1. Nf3 Nf6 2. c4 b6 3. g3 Bb7 4. Bg2 e6 5. O-O Be7 6. b3 O-O 7. Bb2 d5 8. e3
dxc4 9. bxc4 c5 10. Qe2 Nc6 11. Rd1 Qc7 12. Nc3 a6 13. Rab1 Rab8 14. Ba1 Rfc8
15. Ne1 Na7 16. Bxb7 Rxb7 17. a4 Nc6 18. f4 Nb4 19. d3 Ne8 20. Nf3 f6 21. g4
Nd6 22. e4 Nf7 23. f5 exf5 24. gxf5 Qd7 25. Kh1 Bd6 26. Rg1 Ne5 27. Rbd1 Nxf3
28. Qxf3 Be5 29. Rg4 Rd8 30. Nd5 Bxa1 31. Rxa1 Nxd5 32. cxd5 Qd6 33. Rag1 b5
34. Rh4 Kh8 35. Qh5 h6 36. Rg6 Qf8 37. e5 fxe5 38. f6 bxa4 39. fxg7+ Rxg7 40.
Qxh6+ 1-0

[Event "8. Copenhagen Open Politiken Cup"]
[Site "Copenhagen"]
[Date "1986.??.??"]
[Round "9"]
[White "Rewitz, Poul"]
[Black "Rodgaard, John"]
[Result "0-1"]
[WhiteElo "2295"]
[BlackElo "2350"]
[PlyCount "121"]
[EventDate "1986.??.??"]
[EventType "swiss"]
[EventRounds "10"]
[EventCountry "DEN"]
[SourceDate "2004.01.01"]

1. d4 e6 2. e4 d5 3. Nc3 Bb4 4. Bd3 dxe4 5. Bxe4 Nf6 6. Bf3 c5 7. a3 Bxc3+ 8.
bxc3 Nc6 9. Ne2 Qa5 10. O-O c4 11. Bf4 Nd5 12. Bd6 Qd8 13. Bg3 O-O 14. Qb1 b6
15. Qb2 Bb7 16. Bxd5 Qxd5 17. f3 Ne7 18. Nf4 Qd7 19. Nh3 Nf5 20. Nf2 Rad8 21.
Rfe1 Qa4 22. Re2 Rd5 23. Qb4 Qc6 24. a4 Nxg3 25. hxg3 Qc7 26. Ne4 Rfd8 27. Kf2
Ra5 28. Nd2 Rc8 29. Rh1 h6 30. g4 Qd7 31. Nxc4 Rxa4 32. Qd6 Qc7 33. Qxc7 Rxc7
34. Nb2 Ra2 35. Nd1 Ra1 36. Rhe1 Rc1 37. Ke3 Ba6 38. Kd2 Rxd1+ 39. Rxd1 Bxe2
40. Kxe2 Rxc3 41. Kd2 Ra3 42. c4 Kf8 43. Rb1 Ke7 44. c5 Ra6 45. Kd3 Kd7 46. Ke4
Kc6 47. cxb6 axb6 48. Rc1+ Kb7 49. Rc2 Ra5 50. Kf4 Rd5 51. Ke4 b5 52. f4 b4 53.
Kd3 b3 54. Rb2 Rb5 55. Kc4 Kc6 56. g3 Rb7 57. f5 Kd6 58. fxe6 fxe6 59. Rxb3
Rxb3 60. Kxb3 Kd5 61. Kc3 0-1

[Event "8. Copenhagen Open Politiken Cup"]
[Site "Copenhagen"]
[Date "1986.??.??"]
[Round "9"]
[White "Sehner, Norbert"]
[Black "Horvath, Tamas"]
[Result "1-0"]
[WhiteElo "2375"]
[BlackElo "2395"]
[PlyCount "67"]
[EventDate "1986.??.??"]
[EventType "swiss"]
[EventRounds "10"]
[EventCountry "DEN"]
[SourceDate "2004.01.01"]

1. c4 g6 2. g3 Bg7 3. Bg2 e5 4. Nc3 Ne7 5. e3 Nbc6 6. Nge2 d6 7. d3 O-O 8. O-O
Bg4 9. h3 Be6 10. Nd5 Qd7 11. Kh2 Rae8 12. b3 f5 13. Bb2 Bxd5 14. cxd5 Nb4 15.
Nc3 f4 16. a3 fxg3+ 17. Kxg3 Na6 18. b4 Nf5+ 19. Kh2 c5 20. dxc6 bxc6 21. Qg4
Nc7 22. e4 h5 23. Qxg6 Nh4 24. Qxh5 Qe7 25. Ne2 Ne6 26. Bh1 Rf7 27. Bc1 Ref8
28. Be3 Nf4 29. Qg4 Kh7 30. Rg1 Bh6 31. Nxf4 exf4 32. Bd4 f3 33. Qh5 d5 34. Rg4
1-0

[Event "8. Copenhagen Open Politiken Cup"]
[Site "Copenhagen"]
[Date "1986.??.??"]
[Round "9"]
[White "Sorensen, Henrik"]
[Black "Hartung Nielsen, Jens"]
[Result "0-1"]
[WhiteElo "2250"]
[BlackElo "2290"]
[PlyCount "82"]
[EventDate "1986.??.??"]
[EventType "swiss"]
[EventRounds "10"]
[EventCountry "DEN"]
[SourceDate "2004.01.01"]

1. d4 d5 2. Nf3 c5 3. dxc5 e6 4. e4 Bxc5 5. exd5 exd5 6. Bb5+ Nc6 7. O-O Nge7
8. h3 O-O 9. Nbd2 Bb6 10. Nb3 Qd6 11. c3 Bf5 12. Nfd4 Bc7 13. f4 Be4 14. Be3
Qg6 15. Rf2 Bb6 16. Qd2 Rad8 17. Raf1 f5 18. Rd1 Rf6 19. Ne2 Nc8 20. Nc5 Nd6
21. Bd3 Qe8 22. Qc1 Bxd3 23. Rxd3 Ne4 24. Nxe4 dxe4 25. Rxd8 Qxd8 26. Rf1 Rd6
27. c4 Bxe3+ 28. Qxe3 Rd2 29. Rb1 Nb4 30. Nc3 Qd3 31. Qc5 Qd4+ 32. Qxd4 Rxd4
33. b3 Rd2 34. a3 Nd3 35. Nd5 Kf7 36. g3 Nf2 37. Kg2 g6 38. b4 Ng4+ 39. Kg1 Nf2
40. Kg2 e3 41. Kf1 e2+ 0-1

[Event "8. Copenhagen Open Politiken Cup"]
[Site "Copenhagen"]
[Date "1986.??.??"]
[Round "9"]
[White "Vadasz, Laszlo"]
[Black "Sinkovics, Peter"]
[Result "1/2-1/2"]
[WhiteElo "2370"]
[BlackElo "2415"]
[PlyCount "49"]
[EventDate "1986.??.??"]
[EventType "swiss"]
[EventRounds "10"]
[EventCountry "DEN"]
[SourceDate "2004.01.01"]

1. Nf3 Nf6 2. c4 g6 3. g3 Bg7 4. Bg2 c6 5. O-O O-O 6. d4 d5 7. b3 a5 8. Nc3 Ne4
9. Bb2 Bf5 10. e3 Nxc3 11. Bxc3 a4 12. Qe2 Nd7 13. Nd2 Nf6 14. b4 Qd7 15. Rac1
Ne4 16. Nxe4 Bxe4 17. Bxe4 dxe4 18. Rfd1 e6 19. d5 Bxc3 20. Rxc3 cxd5 21. cxd5
exd5 22. Rc5 Rfd8 23. Qb5 Qxb5 24. Rxb5 Rac8 25. Rdxd5 1/2-1/2

[Event "8. Copenhagen Open Politiken Cup"]
[Site "Copenhagen"]
[Date "1986.??.??"]
[Round "9"]
[White "Wiedenkeller, Michael"]
[Black "Stigar, Petter"]
[Result "1-0"]
[WhiteElo "2455"]
[BlackElo "2300"]
[PlyCount "93"]
[EventDate "1986.??.??"]
[EventType "swiss"]
[EventRounds "10"]
[EventCountry "DEN"]
[SourceDate "2004.01.01"]

1. c4 e6 2. Nc3 d5 3. d4 Nf6 4. Bg5 Be7 5. Nf3 O-O 6. e3 Nbd7 7. Rc1 c6 8. Bd3
dxc4 9. Bxc4 Nd5 10. Bxe7 Qxe7 11. Ne4 N5b6 12. Bb3 a5 13. a3 a4 14. Ba2 Nf6
15. Ng3 Bd7 16. O-O Rfd8 17. e4 Be8 18. Qc2 Nfd7 19. e5 Nd5 20. Ne4 f5 21. Bxd5
cxd5 22. Nd6 Nf8 23. Qc7 Rd7 24. Qb6 Bh5 25. Nd2 Ng6 26. f4 Be2 27. Rf2 Bd3 28.
Rc3 Be4 29. Rf1 h6 30. Qb5 Rxd6 31. exd6 Qxd6 32. g3 Kh7 33. Rfc1 Rf8 34. Rc7
Nxf4 35. gxf4 Qxf4 36. Nxe4 fxe4 37. Qe2 e5 38. dxe5 d4 39. e6 Rf6 40. e7 Rg6+
41. Kh1 d3 42. Qf1 Qe5 43. Qf7 Qg5 44. Qg8+ Kxg8 45. e8=Q+ Kh7 46. Qxe4 d2 47.
Rd1 1-0

[Event "8. Copenhagen Open Politiken Cup"]
[Site "Copenhagen"]
[Date "1986.??.??"]
[Round "10"]
[White "Chernin, Alexander"]
[Black "Smyslov, Vassily"]
[Result "1/2-1/2"]
[WhiteElo "2570"]
[BlackElo "2575"]
[PlyCount "33"]
[EventDate "1986.??.??"]
[EventType "swiss"]
[EventRounds "10"]
[EventCountry "DEN"]
[SourceDate "2004.01.01"]

1. d4 d5 2. c4 c6 3. e3 Nf6 4. Bd3 g6 5. Nf3 Bg7 6. O-O O-O 7. Nc3 Bg4 8. h3
Bxf3 9. Qxf3 e6 10. Rd1 Nbd7 11. Bd2 Re8 12. Be1 Qe7 13. Qe2 a6 14. a3 c5 15.
dxc5 dxc4 16. Bxc4 Qxc5 17. Rac1 1/2-1/2

[Event "8. Copenhagen Open Politiken Cup"]
[Site "Copenhagen"]
[Date "1986.??.??"]
[Round "10"]
[White "Ernst, Thomas"]
[Black "Sehner, Norbert"]
[Result "0-1"]
[WhiteElo "2455"]
[BlackElo "2375"]
[PlyCount "104"]
[EventDate "1986.??.??"]
[EventType "swiss"]
[EventRounds "10"]
[EventCountry "DEN"]
[SourceDate "2004.01.01"]

1. e4 c6 2. d4 d5 3. Nd2 dxe4 4. Nxe4 Nf6 5. Nxf6+ gxf6 6. c3 Bf5 7. Nf3 e6 8.
g3 Be4 9. Bg2 h5 10. O-O f5 11. Re1 Be7 12. Bf1 c5 13. Bg2 h4 14. dxc5 Qxd1 15.
Rxd1 h3 16. Bh1 Bxc5 17. b4 Bb6 18. a4 Nc6 19. a5 Bd8 20. Be3 a6 21. Nd4 Bxh1
22. Kxh1 Ne5 23. Nb3 Nd7 24. Nc5 Nxc5 25. Bxc5 Rg8 26. Rd3 Bf6 27. Rad1 Rd8 28.
Kg1 f4 29. Kh1 f3 30. Kg1 Rg5 31. Rxd8+ Bxd8 32. Kf1 Rd5 33. Rxd5 exd5 34. Ke1
Kd7 35. Kd2 Kc6 36. Bd4 Bg5+ 37. Kd3 Kb5 38. Bc5 Bf6 39. Bd4 Bg5 40. Bc5 Bh6
41. Bd4 Ka4 42. Kc2 Ka3 43. Bc5 Bg7 44. Bb6 Be5 45. Bc5 d4 46. cxd4 Bxg3 47. d5
Bxh2 48. d6 Be5 49. d7 Bf6 50. Bd6 Ka4 51. Kd3 Kb5 52. Be5 Be7 0-1

[Event "8. Copenhagen Open Politiken Cup"]
[Site "Copenhagen"]
[Date "1986.??.??"]
[Round "10"]
[White "Horvath, Sandor"]
[Black "Clausen, Steen"]
[Result "0-1"]
[WhiteElo "2305"]
[BlackElo "2295"]
[PlyCount "114"]
[EventDate "1986.??.??"]
[EventType "swiss"]
[EventRounds "10"]
[EventCountry "DEN"]
[SourceDate "2004.01.01"]

1. e4 d6 2. d4 Nf6 3. Nc3 g6 4. Nf3 Bg7 5. Bf4 c6 6. Qd2 O-O 7. Bh6 b5 8. Bd3
a6 9. h4 Nh5 10. O-O-O Bg4 11. Rdg1 Bxf3 12. gxf3 e5 13. Ne2 Qf6 14. Bxg7 Kxg7
15. Ng3 Nxg3 16. fxg3 c5 17. h5 Ra7 18. d5 Kg8 19. f4 Nd7 20. hxg6 fxg6 21. f5
c4 22. Be2 Nc5 23. Qe3 Rg7 24. g4 gxf5 25. gxf5 Rff7 26. Bf3 Rxg1+ 27. Rxg1+
Rg7 28. Kd2 Rxg1 29. Qxg1+ Kf7 30. Bh5+ Ke7 31. Bf3 Qh6+ 32. Ke2 Kf7 33. b4
cxb3 34. cxb3 Qh4 35. Qg2 b4 36. Qh1 Qxh1 37. Bxh1 Kf6 38. Bg2 Kg5 39. Kf3 h5
40. Bf1 a5 41. Bb5 h4 42. Bf1 a4 43. bxa4 Nxa4 44. Ke3 Nc3 45. Kd3 Nxa2 46. Kc4
Nc3 47. Bg2 h3 48. Bxh3 Nxe4 49. Kxb4 Nf2 50. Bg2 Kxf5 51. Kc4 Kf4 52. Bf1 Ng4
53. Kb5 e4 54. Kc6 Ke5 55. Bg2 Nf6 56. Bh1 e3 57. Bf3 Nxd5 0-1

[Event "8. Copenhagen Open Politiken Cup"]
[Site "Copenhagen"]
[Date "1986.??.??"]
[Round "10"]
[White "Horvath, Tamas"]
[Black "Poulsen, Allan"]
[Result "1-0"]
[WhiteElo "2395"]
[BlackElo "2315"]
[PlyCount "91"]
[EventDate "1986.??.??"]
[EventType "swiss"]
[EventRounds "10"]
[EventCountry "DEN"]
[SourceDate "2004.01.01"]

1. e4 c5 2. Nf3 d6 3. d4 cxd4 4. Nxd4 Nf6 5. Nc3 a6 6. Be3 e6 7. Qd2 Be7 8. f3
Nc6 9. g4 Bd7 10. O-O-O Nxd4 11. Qxd4 Bc6 12. g5 Nh5 13. Rg1 Qa5 14. Kb1 Rd8
15. Bc4 O-O 16. Qd2 Qc7 17. Qf2 Bxe4 18. Nxe4 Qxc4 19. Qh4 d5 20. b3 Qe2 21.
Rde1 Qxf3 22. Nd2 Qf5 23. Qxh5 Rc8 24. Qd1 Bb4 25. Rgf1 Qg6 26. h4 e5 27. h5
Qc6 28. Re2 d4 29. Bg1 Rfd8 30. Ne4 a5 31. Qd3 a4 32. Rg2 Kh8 33. g6 axb3 34.
cxb3 f5 35. h6 Qxe4 36. hxg7+ Kxg7 37. Qxe4 fxe4 38. gxh7+ Kh8 39. Bh2 Bd6 40.
Rf6 Kxh7 41. Rf5 Bf8 42. Rf7+ Kh6 43. Bxe5 Rc6 44. Bf4+ Kh5 45. Rh7+ Bh6 46.
Bxh6 1-0

[Event "8. Copenhagen Open Politiken Cup"]
[Site "Copenhagen"]
[Date "1986.??.??"]
[Round "10"]
[White "Jacoby, Gisbert"]
[Black "Knudsen, Per"]
[Result "1/2-1/2"]
[WhiteElo "2290"]
[BlackElo "2325"]
[PlyCount "39"]
[EventDate "1986.??.??"]
[EventType "swiss"]
[EventRounds "10"]
[EventCountry "DEN"]
[SourceDate "2004.01.01"]

1. e4 e6 2. d4 d5 3. Nd2 Nf6 4. e5 Nfd7 5. c3 c5 6. Bd3 Nc6 7. Ne2 cxd4 8. cxd4
f6 9. exf6 Nxf6 10. O-O Bd6 11. Nf3 Qc7 12. Ng3 O-O 13. Be3 Bd7 14. Rc1 Kh8 15.
a3 Rae8 16. b4 a6 17. Bb1 Re7 18. Ne5 Qb6 19. Qd3 Be8 20. f4 1/2-1/2